000 00582nam a2200169Ia 4500
008 210716s2009 xx 000 0 und d
020 _a9788126521470
041 _aeng
082 _a005.74068 SOMG
100 _aSomasundaram;G, Shrivastava;Alok.
245 _aInformation storage and management: storage managing and protecting digital information.
_bStoring managing and protecting digital information.
250 _a1
260 _aNew Delhi
_bWiley Publishing Inc.
_c2009
300 _axx,455
650 _aDatabase Management
700 _aAlok.;G, Shrivastava;Somasundaram
999 _c189911
_d189911